[Event "EU-ch 6th"]
[Site "Warsaw"]
[Date "2005.06.30"]
[Round "12"]
[White "Sakaev, Konstantin"]
[Black "Stefansson, Hannes"]
[Result "1-0"]
[WhiteElo "2672"]
[BlackElo "2573"]
[Annotator "Ribli,Z"]
[PlyCount "103"]
[EventDate "2005.06.18"]
[EventType "swiss"]
[EventRounds "13"]
[EventCountry "POL"]
[SourceTitle "CBM 108"]
[Source "ChessBase"]
[SourceDate "2005.09.26"]
[SourceVersion "1"]
[SourceVersionDate "2005.09.26"]
[SourceQuality "1"]

1. d4 Nf6 2. c4 e6 3. g3 d5 4. Nf3 Be7 5. Bg2 O-O 6. O-O dxc4 {Der isländische
GM spielt immer die klassische Variante mit Schwarz.} 7. Qc2 a6 8. Qxc4 {
Heutzutage ist dieser Zug wieder in Mode. Vor ein paar Jahren war die Variante
8.a4 Bd7 9.Qxc4 Bc6 10.Bg5 sehr populär.} b5 9. Qc2 Bb7 10. Bd2 Be4 11. Qc1 c6
{Die Alternativen sind 11...Nbd7, 11...Qc8 und 11...Bb7.} 12. Be3 {Weiß
verteidigt den d4-Bauern, aufgrund der schwarzen Drohung 12...Bxf3 13.Bxf3
Qxd4.} (12. a4 b4 13. Be3 (13. Bg5 Nbd7 14. Nbd2 Bd5 15. Ne5 Bxg2 16. Kxg2 c5
17. Nc6 Qe8 18. dxc5 Nxc5 19. Nxe7+ Qxe7 20. Bxf6 {1/2-1/2 Huzman,A-Rozentalis,
E/Montreal CAN 2004/The Week in Chess 509 (20)}) 13... Nbd7 14. Nbd2 Bd5 15.
Rd1 Rc8 16. Qb1 c5 17. dxc5 Bxc5 18. Qd3 Qb6 {1/2-1/2 Rotstein,A-Vaganian,R/
Port Barcares 2005/ (55)}) (12. Nc3 Bxf3 13. Bxf3 Qxd4 14. Be3 Qd8 15. a4 b4
16. Ne4 Nd5 17. Bd4 Qc7 18. Nc5 $44 {[%csl Gc5] 1-0 Nielsen,P-Rozentalis,E/
Esbjerg 2001/CBM 85/[Ribli] (48)}) 12... Nbd7 13. Nc3 {Diese
Springerentwicklung scheint mir natürlicher, als die Alternative 13.Nbd2.} (13.
Nbd2 Bd5 14. Rd1 Rc8 15. Nb3 a5 16. Ne5 a4 17. Nc5 Bxc5 18. Nxd7 Nxd7 19. dxc5
Qe7 20. Qc3 f5 21. b3 Ra8 22. b4 Rae8 {0-1 Stamenkov,V-Rozentalis,E/Athens
2003/(32)}) 13... Bd5 14. Qc2 (14. Rd1 Rc8 15. Qc2 b4 16. Nxd5 cxd5 17. Qd3 Qa5
18. Bd2 Ne4 19. a3 $6 Nxd2 20. Qxd2 Qb5 {0-1 Summermatter-Rosentalis/Chiasso
1991 (61)}) 14... Rc8 (14... b4 15. Nxd5 (15. Na4 Be4 $11 (15... Qa5)) 15...
cxd5 16. Rfc1 $14) 15. Bg5 {Weiß verbessert seine Läuferstellung und droht
jetzt 16.e4.} Bxf3 (15... b4 16. Nxd5 cxd5 17. Qa4 $14) (15... c5 $5 16. Nxd5
Nxd5 17. Bxe7 Qxe7) 16. Bxf3 c5 17. dxc5 Bxc5 18. Qb3 $14 {[%csl Gf3][%cal
Gf3a8] Die Bauernstellung ist symmetrisch, aber dank des Läuferpaares hat Weiß
einen kleinen, aber dauerhafte Positionsvorteil. Der f3B steht besonders gut.}
Qb6 19. a4 Ne5 (19... b4 $5 20. Ne4 (20. a5 Qc7 21. Na4 (21. Ne4 Nxe4 22. Bxe4
Qe5 23. Qd3 Qxg5 24. Qxd7 Qe5 $17) 21... Qxa5 (21... Be7 22. Bxf6 Bxf6 23. Qxb4
Rb8 $11) 22. Nxc5 Qxc5 23. Bxf6 Nxf6 24. Rxa6 Qc4 $11) 20... Nxe4 21. Bxe4 Bd4
$11) 20. Bg2 (20. axb5 Nxf3+ 21. exf3 axb5 22. Bxf6 gxf6 23. Qxb5 Qxb5 24. Nxb5
Rb8 $11) 20... Rb8 (20... Neg4 21. e3 b4 22. a5 $14) 21. axb5 axb5 22. Bf4 Bd6
23. Be3 (23. Rfd1) 23... Bc5 24. Bf4 (24. Bxc5 Qxc5 25. Ra5 Nc4 {[%cal Rc4a5,
Rc4d2,Rd2b3,Rd2f1]} 26. Rxb5 Nd2 27. Rxc5 Rxb3 $11) 24... Bd6 25. Rfd1 Nc4 (
25... Nfg4 $6 26. Ne4 $16) 26. Bxd6 Nxd6 27. Qb4 {[%csl Gb4][%mdl 32] Die Dame
steht ausgezeichnet auf b4, blockiert den b5-Bauern und kontrolliert die
wichtigsten Felder.} Rfd8 28. b3 {[%csl Rd6] Mit diesem Zug beschränkt Weiß
die Bewegungsfreiheit des Springers auf d6, der nicht besonders gut
positioniert ist.} (28. Rd3 Nc4 $132) 28... h6 29. Rd3 {[%cal Ga1d1,Gd1d8]}
Nde8 30. Rxd8 (30. Rad1 Rxd3 31. Rxd3) 30... Qxd8 31. Rd1 Qb6 32. Bf3 $1 {
[%cal Gg1g2] Weiß besitzt zwar keine konkreten Drohungen, aber eine bequeme,
freie Stellung, die er mit kleinen Zügen stufenweise verbessern kann. Nach 32.
Bf3 ist Kg2 geplant.} Nc7 $6 (32... Qc7 $142 33. Kg2 Qe5 $14) 33. Rd6 $1 {
Das Eindringen des Turms auf der 6. Reihe ist sehr stark.} Qa7 34. Kg2 Qa1 (
34... Nfe8 35. Rc6 $16) 35. Rc6 {[%csl Gc6][%mdl 2048] Weiß hat aufgrund
seiner aktiven Figurenstellung ausgezeichnetes Spiel.} Ncd5 {Dieser Zug
verliert eigentlich einen Bauern, aber Schwarz will sich vom weißen Druck
befreien und die Stellung vereinfachen.} 36. Nxd5 Nxd5 (36... exd5 37. Rc5 $16)
37. Bxd5 exd5 38. Qd6 {[%csl Gd6][%cal Rd6b8,Rd6d5]} Qa8 39. Qxd5 $16 {Weiß
hat einen Bauern mehr, aber die technische Verwertung des Vorteils ist nicht
leicht.} Re8 (39... Rd8 40. Qf3 Rd2 41. Rb6 $16) 40. e4 Qb7 41. Rc5 Qe7 (41...
Qxd5 42. exd5 $18) 42. e5 (42. Rxb5 $2 Qxe4+ 43. Qxe4 Rxe4 $14) 42... Rd8 (
42... b4 43. Rb5 $16) 43. Qc6 b4 44. Rb5 Rd4 45. Qc8+ (45. Rb8+ Kh7 (45... Rd8
46. Qb6 Rxb8 47. Qxb8+ Kh7 $16) 46. Qc2+ g6 47. Qc8 $18) 45... Kh7 (45... Rd8)
46. h4 $1 Rd2 (46... h5) 47. Qf5+ g6 48. Qe4 {[%csl Rb4][%cal Re4b4,Re4h7] Es
"hängt" der b4P und gleichzeitig droht 49.h5 mit Schwächung des schwarzen
Königsflügels.} Qa7 49. Qf3 Qe7 50. h5 $18 Rd7 51. hxg6+ fxg6 52. Qe4 1-0

[Event "EU-ch 2nd"]
[Site "Ohrid"]
[Date "2001.06.12"]
[Round "11"]
[White "Romanishin, Oleg M"]
[Black "Georgiev, Kiril"]
[Result "1/2-1/2"]
[WhiteElo "2559"]
[BlackElo "2676"]
[Annotator "Ribli,Z"]
[PlyCount "61"]
[EventDate "2001.06.01"]
[EventType "swiss"]
[EventRounds "13"]
[EventCountry "YUG"]
[SourceTitle "CBM 084"]
[Source "ChessBase"]
[SourceDate "2001.09.13"]
[SourceVersion "1"]
[SourceVersionDate "2001.09.13"]
[SourceQuality "1"]

1. Nf3 Nf6 2. c4 e6 3. g3 d5 {Ich möchte hier anmerken, dass der ukrainische
GM Romanishin anstelle des Textzuges die originelle Idee 3...a6 in seinem
Repertoire führt.} 4. Bg2 Be7 5. d4 O-O 6. O-O dxc4 7. Qc2 a6 8. a4 Bd7 9. Qxc4
Bc6 10. Bg5 a5 {Meiner Meinung nach ist das die beste Fortsetzung für Schwarz.
In der Folge erreicht der schwarze Springer sein angestammtes Feld auf b4 
(über a6).} 11. Nc3 Na6 12. Bxf6 Bxf6 13. e4 Nb4 14. Rfd1 b6 $5 15. Rd2 {
Dieser Zug ist logisch - Weiß kann nun mit Rad1 seine Türme verdoppeln.} (15.
Rac1 Bb7 16. Qe2 g6 17. Qe3 Bg7 18. Nb5 c6 19. Na3 Qb8 20. Nc4 Ba6 21. b3 Ra7 {
1/2-1/2 Romanishin,O-Wilhelmi,C/Bled 1999/CBM 69 ext (38)}) 15... Bb7 {[%cal
Gb7a6,Ga6c4] Der Läufer steht natürlicher auf b7 als auf c6. Nun kann Schwarz
eventuell auch Ba6 ziehen.} 16. Qe2 {Weiß verbessert die Stellung seiner Dame.
Im Falle von Ba6 kann er Qe3 spielen.} (16. Rad1 Ba6 17. Qb3 Qc8 18. d5 (18.
Rc1 Nd3 $1 19. Rcd1 Nb4 $11) 18... exd5 19. Nxd5 Nxd5 20. exd5 Be7 21. d6 Bxd6
22. Ng5 Rb8 23. Qc2 g6 24. Ne4 Qe6 {1/2-1/2 Zueger,B-Bagirov,R/Biel 1998/EXT
99 (24)}) 16... g6 $5 {Dieser Zug ist sehr logisch. Schwarz verfolgt damit
eine ähnliche Idee wie mit 15...b6 - dort bekam der Bc6 ein sicheres Feld auf
b7, hier findet der Bf6 sein Rückzugsfeld auf g7.} (16... Ba6 17. Qe3 c6 18. h4
$14 Qc7 19. Rc1 Rad8 20. e5 Be7 21. Ng5 {1/2-1/2 Karpov,A-Milos,G/Bali 2000/
CBM 77/[Ribli] (48)}) 17. Qe3 (17. h4 Qe7 18. Qe3 {Das ist eine Zugumstellung
zu unserer Partie.}) 17... Qe7 18. h4 Rad8 $5 $146 {[%mdl 4] Auch dieser Zug
ist logisch - Schwarz bereitet c7-c5 vor.} (18... Rac8 19. Rad1 h5 20. Ne1 Bg7
21. f4 Rfd8 22. e5 Bxg2 23. Nxg2 Qd7 24. Kh2 Nd5 25. Qf3 Nxc3 26. bxc3 Qxa4 27.
g4 hxg4 28. Qxg4 c5 29. d5 exd5 30. Rxd5 Re8 {1/2-1/2 Foisor,C-Bagirov,R/
Cappelle la Grande 2000/CBM 74 ext (35)}) 19. Rad1 c5 $1 $11 {Dieser Zug kommt
zur rechten Zeit - Schwarz öffnet die Stellung für sein Läuferpaar und greift
das weiße Zentrum an.} 20. e5 (20. dxc5 Qxc5 21. Qxc5 bxc5 $11) 20... Bg7 21.
dxc5 Bxf3 (21... Rxd2 22. Nxd2 Bxg2 23. Kxg2 bxc5 (23... Qxc5 24. Qxc5 bxc5 25.
Nc4 $16) 24. Nc4 $14 {[%csl Gc4]}) 22. Rxd8 (22. Bxf3 Rxd2 23. Rxd2 Qxc5 24.
Qxc5 bxc5 25. Ne4 $11) 22... Rxd8 (22... Bxd1 23. Rxd1 (23. Rxf8+ Bxf8 24. Nxd1
(24. cxb6 Qd8 25. b7 Na6 $17) 24... Qxc5 $11) 23... Qxc5 24. Qxc5 bxc5 25. f4
$14) 23. Rxd8+ Qxd8 24. Bxf3 bxc5 {Nach großen Vereinfachungen ist eine
Stellung entstanden, in der Schwarz zwar seinen Pc5 verliert, aber auch der
weiße Pe5 nicht mehr zu halten ist.} 25. Qxc5 Nd3 {[%csl Gd3]} 26. Qd6 Bf6 $1 {
[%mdl 256]} (26... Qxd6 27. exd6 Kf8 28. Bc6 Nxb2 29. Ne4 Nd3 30. Bb5 $14) 27.
Ne4 (27. Qxd8+ Bxd8 $11 {[%cal Rd3b2,Rd3e5]}) 27... Be7 28. Qxd8+ (28. Qc6 $6
Nxe5 29. Qc3 Nxf3+ 30. Qxf3 Qd4 $15) 28... Bxd8 {Weiß hat momentan zwar einen
Bauern mehr, aber nun hängt sowohl der Pe5 als auch der Pb2.} 29. Nf6+ Kg7 (
29... Bxf6 30. exf6 {[%csl Gf6]} Nxb2 31. Bc6 Nd3 32. f4 Nb4 33. Be4 $14) 30.
Nd7 Bc7 31. Be2 (31. Be2 Nxe5 (31... Nxb2 $6 32. Bb5 $14) 32. Nxe5 Bxe5 33. b3
$11) 1/2-1/2

[Event "Belgrade Investbank"]
[Site "Belgrade"]
[Date "1997.11.13"]
[Round "3"]
[White "Ljubojevic, Ljubomir"]
[Black "Lautier, Joel"]
[Result "1/2-1/2"]
[WhiteElo "2565"]
[BlackElo "2660"]
[Annotator "Ribli,Z"]
[PlyCount "102"]
[EventDate "1997.11.11"]
[EventType "tourn"]
[EventRounds "9"]
[EventCountry "YUG"]
[EventCategory "18"]
[SourceTitle "CBM 062"]
[Source "ChessBase"]
[SourceDate "1998.01.31"]
[SourceVersion "1"]
[SourceVersionDate "1998.01.31"]
[SourceQuality "1"]

1. d4 d5 2. Nf3 e6 3. g3 Nf6 (3... c5 $5 {Meiner Meinung nach ist das eine
interessante Zugfolge für Schwarz. Auf diese Weise kann er die klassische
Katalanische Verteidigung vermeiden und eine Art "halb-katalanisch,
halb-englische" Variante spielen.Ribli.} 4. Bg2 cxd4 5. Nxd4 Nf6 6. c4 e5 7.
Nf3 d4) 4. Bg2 Be7 5. O-O O-O 6. c4 dxc4 7. Qc2 a6 8. a4 Bd7 9. Qxc4 Bc6 10.
Bg5 a5 11. Nbd2 $146 {Meines Erachtens war das nicht eine gut vorbereitete
Variante von Ljubojevic, sondern eine Idee in der Partie. Auf diese Weise
umgeht Weiß zwar die Theorie, aber der Springer steht nicht sehr glücklich auf
d2.} (11. Bxf6 Bxf6 12. Nc3 Ra6 13. e3 Rb6 14. Qe2 Rb4 15. Rfd1 g6 16. Qc2 Bg7
17. Rac1 Na6 18. b3 Bd5 19. Nd2 Bxg2 20. Kxg2 Rb6 21. Nc4 Nb4 22. Qe4 Ra6 23.
Qxb7 {1-0 Yudasin,L-Aseev,K/URS-ch sf 1985/MCD-ch (38)}) (11. Nc3 $5) 11... Na6
{Der schwarze Springer strebt -wie in der Variante mit 11.Nc3 - nach b4, wo er
einen festen Punkt einnimmt.} 12. Bxf6 {Weiß gibt sein Läuferpaar für
Zentrumsvorteil.} Bxf6 13. e4 Nb4 14. Rfc1 {Jetzt zeigt sich der Nachteil des
11.Zuges von Weiß. Mit dem Springer auf c3 wäre der Pa4 verteidigt und die
normale Aufstellung mit Rac1-Rfd1 möglich.} Qb8 $5 $11 {Interessante Idee.
Schwarz kommt mit der Dame am Damenflügel ins Spiel.} 15. h4 {Ein für diese
Variante typischer Raumgewinnzug. Eventuell ist nun Ng5 möglich.} Rd8 16. e5 {
Weiß kompromittiert die Stellung seiner Zentrumsbauern, aber das war
angesichts der Drohung 16...Qa7 praktisch erzwungen.} Be7 (16... Bd5 $2 17.
Qxc7 $16) 17. Qe2 (17. Ng5 $6 Bxg2 18. Kxg2 c5 {[%csl Gd8][%cal Gd8d2]}) 17...
Qa7 {Droht 18...Qa6 und möglicherweise das Eindringen der Dame mit 19...Qd3.} (
17... Bd5 $5 {[%csl Gb4,Gd5]} 18. Nc4 Nc6 {[%csl Rd4]}) 18. Bf1 Rd7 (18... Qa6
19. Qe3 (19. Qxa6 Nxa6 $15 {[%csl Rd4]}) 19... Qb6 20. Nc4 Qa7) 19. Ne4 Rad8
$15 {Weiß hat eine ewige Schwäche auf d4 zu beklagen, während Schwarz gutes
Spiel hat. Trotzdem ist es nicht leicht entscheidenden Vorteil zu erreichen,
weil Weiß diese einzige Schwäche halten kann.} 20. Qe3 Qb6 21. Bc4 h6 {Es gibt
noch nichts Konkretes. Schwarz verbessert seine Stellung.} (21... Bxe4 22. Qxe4
Nc6 23. Bb5 {[%cal Gb5d7]}) 22. Qe2 Bd5 (22... Nd5 {Der Springer steht
wirklich schön auf d5 - die Frage ist nur, wie Schwarz hier weiter vorankommt.}
) 23. Bxd5 Rxd5 24. Nc3 R5d7 25. Qb5 Qa7 (25... Qxb5 26. axb5 $5 (26. Nxb5 c5 (
26... c6 $15) 27. dxc5 Nd3 28. c6 bxc6 29. Rxc6 Nxb2 $15)) 26. Qc4 c6 27. Ne4 {
Schwarz besitzt theoretischen Vorteil wegen der Schwäche auf d4, aber es ist
nicht leicht, den Druck zu erhöhen. Das Problem ist, daß drei schwarze Figuren
den Punkt d4 attackieren, aber eine einzige weiße Figur -der Nf3- ausreicht,
um den Punkt wirksam zu verteidigen.} Qb6 28. Rc3 Rc8 {Schwarz verbessert
seine Figurenstellung und bereitet das mögliche c6-c5 vor.} 29. Kg2 Qd8 30. Rh1
{Das ist nur eine Pseudoangriff (eventuell mit Ng5), aber Weiß hat keine
reelllen Chancen am Königsflügel.} b6 31. Qe2 Rcc7 32. Rc4 Qa8 {[%cal Ga8g2]
Es ist klar, daß Schwarz früher oder später c6-c5 ziehen möchte. Jetzt beginnt
ein typischer Manöverkampf ohne konkrete Varianten.} 33. Rhc1 Rc8 34. b3 Rcd8 (
34... Qa6) 35. Ra1 {Weiß kann den Zug c6-c5 nicht unterbinden. Wegen des
Gabelmotivs Nd3 sucht er einen anderen Platz für den Turm.} (35. R4c3 c5 36.
dxc5 bxc5 37. Nxc5 Bxc5 38. Rxc5 Nd3 {[%cal Rd3c5,Rd3c1]}) (35. Kg1 c5 36. dxc5
Bxc5 37. Nxc5 bxc5 38. R4c3) (35. Rb1) 35... c5 36. dxc5 Bxc5 37. Nxc5 bxc5 38.
Qe4 $8 (38. Rxc5 $2 Rd2 {[%csl Ga8,Gd2,Gd8,Rg2]} 39. Qe3 Nc2 {[%cal Rc2a1,
Rc2e3]}) 38... Qxe4 39. Rxe4 {Schwarz besitzt starke Kontrolle auf der d-Linie,
jedoch ist das Material reduziert und er hat auch Schwächen am Damenflügel.}
Rd3 40. Rb1 Rc3 (40... R8d5 41. Rc4 {[%csl Rb3,Rc5]}) 41. Rb2 Nd3 $6 {Dieser
scheinaktive Zug kommt nur dem Anziehenden entgegen.} (41... Rdd3 $5 42. Ne1 (
42. Nd2 $15) 42... Rd1 43. Nf3 $15) 42. Re3 {[%cal Ge3c3] Schwarz kann sich
nicht von dieser Feßlung befreien, und das bedeutet einen erneuten Abtausch.}
Rd5 (42... Nxb2 43. Rxc3 Rd5 44. Rc2 (44. Ne1 $5) 44... Nd3 45. Re2) 43. Ne1
Nxe1+ $6 (43... Nxb2 44. Rxc3 Rxe5 45. Kf1 {Schwarz muß vorsichtig sein. In
einigen Varianten droht Weiß mit Springerfang.} c4 $1 $15 (45... Rd5 46. Ke2 e5
$2 47. Rc2 Nd1 48. Rc1 Nb2 49. Rb1 $16)) 44. Rxe1 Kf8 {Theoretisch steht
Schwarz noch besser, weil er zwei offene Linien besitzt, aber zum einen ist
das Material reduziert und zum anderen gibt es in Turmendspielen immer ein
hohe Remisbreite.} 45. Re4 Ke7 46. Rc4 $11 Rdd3 (46... Rxc4 47. bxc4 Rxe5 (
47... Rd4 48. Rb5 Rxc4 49. Rxa5 $11) 48. Rb5 $11) 47. Rc2 $5 (47. Rxc3 Rxc3 48.
Kf1 c4 (48... Kd7 49. Ke2 Kc6 50. Kd2 Rf3 51. Ke2 $11 Rf5 52. f4 {[%csl Rf5]})
49. bxc4 Rxc4 50. Ra2 $15) 47... Rxc2 48. Rxc2 Rd5 (48... Rxb3 $2 49. Rxc5 $14)
49. Re2 Kd7 50. Re3 Kc6 51. Kf1 h5 {Und in dieser ausgeglichenen Stellung
einigte man sich auf remis.} 1/2-1/2